|
|
|
|
| LEADER |
00000nab#a22000007a#4500 |
| 001 |
arbauad036100 |
| 003 |
AR-BaUAD |
| 005 |
20250711112844.0 |
| 008 |
990323|||||||||###||||||b###|0###a|spa|| |
| 040 |
|
|
|a AR-BaUAD
|c AR-BaUAD
|b spa
|
| 100 |
|
|
|a Schreiber, Dominic
|
| 245 |
|
|
|a The United Kingdom /
|c Dominic Schreiber;
|
| 300 |
0 |
|
|b 109: fot.
|
| 653 |
|
|
|a DISEÑO GRAFICO
|
| 653 |
|
|
|a ANIMACION
|
| 653 |
|
|
|a ESTUDIOS PROFESIONALES
|
| 653 |
|
|
|a INGLATERRA
|
| 653 |
|
|
|a REINO UNIDO
|
| 653 |
|
|
|a CORTOMETRAJES
|
| 773 |
0 |
|
|t ANIMATION MAGAZINE
|g no. 75 [feb. 1999], p. 10-11
|
| 942 |
|
|
|c ARTI
|
| 952 |
|
|
|0 0
|1 0
|4 0
|7 0
|9 81019
|a AR-BAuAD
|b AR-BAuAD
|d 2025-07-11
|l 0
|p AAQA036100
|r 2025-07-11 11:28:44
|w 2025-07-11
|y ARTI
|
| 990 |
|
|
|a DG199
|b TD
|
| 990 |
|
|
|a C199
|b TD
|
| 998 |
|
|
|a AAQ
|b BIBUN76
|
| 999 |
|
|
|c 60692
|d 60692
|